00734nam a2200205Ia 4500003000900000008004100009020001600050040001600066080001600082100002900098245010300127260002800230300001500258490004100273650002900314650002500343942000700368999001700375952013600392IN-BaIIA211028s9999 xx 000 0 eng d a0333-9097-1 cIIA Library a519.68bBAL aBalaguruswamy, E.921091 0aCOBOL programmingba self-study textcE. Balaguruswamy  aMadrasbMacmillanc1989 axii, 484p. aMacmillan Series in Computer Science aCOBOL programming921092 aComputer programming cBK c12104d12104 00104070aBANbBANcGENd1997-05-21g158.00l1m2o519.68/ BALp13020r2023-11-14s2023-01-20v158.00w1997-05-21yBKGRs. 158.00